[Event "16th Masters"]
[Site "Clichy FRA"]
[Date "2002.12.15"]
[Round "2"]
[White "Foisor,O"]
[Black "Kirszenberg,M"]
[Result "1/2-1/2"]
[WhiteElo "2428"]
[BlackElo "2232"]

1.c4 c6 2.d4 d5 3.e3 Nf6 4.Nc3 g6 5.Nf3 Bg7 6.Be2 O-O 7.O-O dxc4 8.Bxc4 Bg4
9.h3 Bxf3 10.Qxf3 Nbd7 11.Rd1 e5 12.d5 e4 13.Nxe4 Nxe4 14.Qxe4 Nb6 15.d6 Re8
16.Qc2 Nxc4 17.Qxc4 Re6 18.d7 Qc7 19.e4 Rd8 20.Qd3 Re7 21.Bg5 Rdxd7 22.Qc2 Rxd1+
23.Rxd1 Rd7 24.Rxd7 Qxd7 25.Be3 a6 26.b3 h5 27.Kf1 Bf8 28.Ke2 b5 29.Qc3 c5
30.Qf6 Qe6 31.Qxe6 fxe6 32.Kd3 e5 33.f4 exf4 34.Bxf4 Kf7 35.Bg3  1/2-1/2

[Event "19th WJun Girls"]
[Site "Goa IND"]
[Date "2002.12.15"]
[Round "8"]
[White "Priyadarshini,M"]
[Black "Koneru,C"]
[Result "0-1"]
[WhiteElo "2097"]
[BlackElo "2086"]

1.c4 c6 2.Nc3 d5 3.cxd5 cxd5 4.d4 Nf6 5.Bf4 Qb6 6.e3 Qxb2 7.Nge2 Bf5 8.Rc1 Nc6
9.Ng3 Bg6 10.Bb5 e6 11.O-O Ba3 12.Nge2 Qb4 13.Ra1 Bb2 14.Qd2 Bxa1 15.Rxa1 O-O
16.Bd3 Bxd3 17.Qxd3 Qe7 18.Nb5 Rfd8 19.Rb1 Rac8 20.f3 a6 21.Nbc3 Nh5 22.g4 Nxf4
23.Nxf4 b5 24.Kh1 Rc7 25.Rg1 Rdc8 26.Ncxd5 exd5 27.Nxd5 Qd6 28.Nxc7 Rxc7
29.Rd1 Nb4 30.Qe4 Qc6 31.d5 Qd6 32.Qe8+ Qf8 33.Qe5 Rd7 34.a3 Nc2 35.a4 bxa4
36.d6 Qa8 37.Kg2 a5 38.Rc1 Nb4 39.Rc7 Rxc7 40.dxc7 Na6 41.Qe7 Nxc7 42.Qxc7 h6
43.Qd7 a3 44.Qa4 Qf8 45.Qxa5 Qd6 46.e4 Qd3 47.Kg3 Qb3 48.Qa6 a2 49.h4 Kh7
50.Qa5 g6 51.h5 gxh5 52.gxh5 Qb8+ 53.Kg4 Qc8+ 54.Kg3  0-1

[Event "Cerrado CEMAR B"]
[Site "Mondariz ESP"]
[Date "2002.12.16"]
[Round "2"]
[White "Sande Edreira,J"]
[Black "Valles Moreno,I"]
[Result "1-0"]
[WhiteElo "2263"]
[BlackElo "2294"]

1.c4 c6 2.g3 d5 3.Bg2 Nf6 4.Nf3 g6 5.b3 Bg7 6.Bb2 O-O 7.O-O e6 8.d3 b6 9.Nbd2 Bb7
10.Qc2 c5 11.e3 Nc6 12.a3 Rc8 13.Ne5 d4 14.Bxc6 Bxc6 15.Nxc6 Rxc6 16.exd4 cxd4
17.Nf3 Rd6 18.Rfe1 Nd7 19.b4 e5 20.a4 Re8 21.a5 f5 22.axb6 axb6 23.Ra7 Qb8
24.Qa4 Rd8 25.c5 bxc5 26.Qa2+ Kh8 27.Ng5 Rf6 28.Ra1 Qb5 29.Ba3 Qb6 30.Bc1 Nf8
31.Nf7+ Rxf7 32.Qxf7 Qf6 33.Qb7 Rd7 34.Qc8 Rxa7 35.Rxa7 e4 36.bxc5 h6  1-0

[Event "19th WJun Girls"]
[Site "Goa IND"]
[Date "2002.12.18"]
[Round "11"]
[White "Calotescu,C"]
[Black "Wang Yu"]
[Result "0-1"]
[WhiteElo "2324"]
[BlackElo "2368"]

1.c4 c6 2.Nf3 Nf6 3.d4 d5 4.e3 Bf5 5.Nc3 e6 6.Nh4 Be4 7.f3 Bg6 8.Qb3 Qc7
9.Bd2 Nbd7 10.Rc1 Be7 11.Nxg6 hxg6 12.g3 Nb6 13.cxd5 exd5 14.Bd3 Rd8 15.Kf1 Qd7
16.Nd1 Bd6 17.Nf2 Nc8 18.Kg2 O-O 19.h4 Rfe8 20.g4 Bb8 21.Qd1 Qc7 22.Rh3 Nb6
23.g5 Nh5 24.f4 Qd6 25.b3 Nd7 26.Be2 c5 27.Bxh5 gxh5 28.Qxh5 cxd4 29.exd4 Qa6
30.Rc2 Nf8 31.Rd3 Re4 32.Nxe4 Qxd3 33.Rc3 Qxe4+ 34.Qf3 Ne6 35.Qxe4 dxe4 36.f5 Nxd4
37.f6 Nb5  0-1

[Event "16th Masters"]
[Site "Clichy FRA"]
[Date "2002.12.19"]
[Round "6"]
[White "Foisor,O"]
[Black "Collas,D"]
[Result "1/2-1/2"]
[WhiteElo "2428"]
[BlackElo "2402"]

1.c4 c6 2.d4 d5 3.cxd5 cxd5 4.Nc3 Nf6 5.Nf3 a6 6.a3 Nc6 7.Bf4 Bf5 8.e3 e6
9.Bd3 Bxd3 10.Qxd3 Bd6  1/2-1/2

[Event "Open"]
[Site "Pamplona ESP"]
[Date "2002.12.22"]
[Round "3"]
[White "Adla,D"]
[Black "Pomes Marcet,J"]
[Result "1-0"]
[WhiteElo "2504"]
[BlackElo "2380"]

1.c4 c6 2.e4 e5 3.Nf3 d6 4.d4 Qc7 5.Nc3 Nf6 6.Be2 Be7 7.O-O O-O 8.Rb1 Nbd7
9.Re1 Re8 10.Bf1 Bf8 11.d5 g6 12.Bd2 Bg7 13.b4 c5 14.a3 a6 15.g3 h6 16.Bd3 b6
17.Nh4 Nf8 18.bxc5 bxc5 19.Na4 Bh3 20.Rb6 Qe7 21.Qe2 N6d7 22.Rb3 Rab8 23.Reb1 Rxb3
24.Rxb3 f5 25.Bc2 Qf6 26.exf5 g5 27.g4 Bxg4 28.Qxg4 gxh4 29.Be4 Rb8 30.Rxb8 Nxb8
31.Nb6 Nbd7 32.Nc8 Kh8 33.Qh5 Nh7 34.Qe8+ Nhf8 35.h3 Kh7 36.a4 Kg8 37.a5 Bh8
38.Kf1 Bg7 39.Ke2 Bh8 40.Kd3 Bg7 41.Qe7 Qxe7 42.Nxe7+ Kh8 43.Nc8 Nh7 44.Nxd6 Nhf6
45.Be3 Bf8 46.Nf7+ Kh7 47.Bd2 Bg7 48.Bc3 Nxe4 49.Kxe4 Nf6+ 50.Ke3 Nd7 51.f6 Bxf6
52.Ke4 Kg6 53.Nxe5+ Bxe5 54.Bxe5 Kf7 55.Kf5 Nf8 56.Bd6 Nd7 57.f4  1-0

[Event "Open A"]
[Site "Bethune FRA"]
[Date "2002.12.26"]
[Round "1"]
[White "Jongsma,W"]
[Black "Chemali,L"]
[Result "1/2-1/2"]
[WhiteElo "2174"]
[BlackElo "2017"]

1.c4 c6 2.Nc3 d5 3.e3 Nf6 4.Nf3 a6 5.a4 e6 6.Be2 a5 7.O-O Na6 8.Ne5 Be7 9.d4 O-O
10.c5 Nd7 11.Nxd7 Bxd7 12.e4 b6 13.cxb6 Qxb6 14.e5 c5 15.dxc5 Nxc5 16.Nb5 Nxa4
17.Qxa4 Rfb8 18.Be3 Bxb5 19.Bxb6 Bxa4 20.Rxa4 Rxb6 21.Rb1 Bb4 22.Rc1 Rbb8
23.g3 Rc8 24.Raa1 Bd2 25.Rxc8+ Rxc8 26.Bd3 Rb8 27.Ra2 Rc8 28.Ra1 Rc1+  1/2-1/2

[Event "North American Open"]
[Site "Las Vegas USA"]
[Date "2002.12.27"]
[Round "3"]
[White "Barcenilla,R"]
[Black "Sinn,M"]
[Result "1-0"]
[WhiteElo "2486"]
[BlackElo "2162"]

1.c4 c6 2.Nf3 d5 3.b3 Nf6 4.Bb2 Bf5 5.g3 e6 6.Bg2 Be7 7.O-O O-O 8.d3 a5 9.Nbd2 Nbd7
10.Qc2 Re8 11.a3 Bf8 12.Bc3 e5 13.e4 Bg6 14.h3 h6 15.Rfe1 d4 16.Bb2 c5 17.a4 Nb8
18.Nf1 Nc6 19.N3h2 Bd6 20.Bc1 Qc7 21.Qd2 Nb4 22.Nf3 Nd7 23.Nh4 Nf8 24.Nf5 Ne6
25.h4 f6 26.Qe2 h5 27.Bf3 Bf7 28.Bxh5 Bxh5 29.Qxh5 Nxd3 30.Rd1 Nxc1 31.Raxc1 Nf8
32.Qg4 g6 33.h5 Kf7 34.Nh4 gxh5 35.Qxh5+ Ke7 36.Nh2 Kd7 37.Ng4 Qd8 38.Qf7+ Be7
39.Nxf6+  1-0

[Event "TSGM Dec"]
[Site "Belgrade YUG"]
[Date "2002.12.29"]
[Round "9"]
[White "Lopez Martinez,J"]
[Black "Matulovic,M"]
[Result "1-0"]
[WhiteElo "2437"]
[BlackElo "2423"]

1.c4 c6 2.d4 Nf6 3.Nc3 d5 4.e3 a6 5.Qc2 b5 6.b3 Bg4 7.Nge2 Bh5 8.Nf4 Bg6
9.Nxg6 hxg6 10.g3 e6 11.Bg2 Nbd7 12.O-O Be7 13.e4 dxe4 14.Nxe4 Rc8 15.Rd1 Nxe4
16.Qxe4 O-O 17.Be3 Nf6 18.Qf3 bxc4 19.bxc4 Qa5 20.Qe2 c5 21.d5 exd5 22.cxd5 Bd6
23.Rac1 Rb8 24.Bf1 Rb6 25.Qd2 Qxd2 26.Rxd2 Rc8 27.Rc4 Nd7 28.Ra4 Ra8 29.Rc2 Kf8
30.Ra5 Ke7 31.Kg2 Kd8 32.Rc4 Kc7 33.Rh4 Kb7 34.Rha4 Ra7 35.h4 Ra8 36.Be2 Ra7
37.g4 Ra8 38.g5 Ra7 39.Bg4 Kc7 40.Be2 Kb7 41.Bg4 Kc7 42.Bxd7 Kxd7 43.Bxc5 Bxc5
44.Rxc5 Kd6 45.Rca5 Re7 46.Rxa6 Rxa6 47.Rxa6+ Kxd5 48.Kg3 Rc7 49.a4 Rc3+
50.f3 Rc4 51.Ra7 Ke6 52.a5 Ra4 53.a6 Ra5 54.Kf2 Ra4 55.Ke3 Rxh4 56.Rb7 Ra4
57.a7 f6 58.Rxg7 fxg5 59.Kd3 Kf6 60.Rb7 g4 61.fxg4 Kg5 62.Kc3 Ra6 63.Kb3 Kh4
64.Rg7 g5 65.Rb7 Kxg4 66.Rb4+ Kf3 67.Ra4 Rxa7 68.Rxa7 g4 69.Rf7+ Ke2 70.Rg7 Kf3
71.Kc2 g3 72.Kd1 Kf2 73.Rf7+ Ke3 74.Ke1 g2 75.Rg7 Kf3 76.Rg8  1-0

[Event "38th Junior"]
[Site "Hallsberg SWE"]
[Date "2002.12.29"]
[Round "2"]
[White "Kanep,M"]
[Black "Eriksson,Jon SWE"]
[Result "1/2-1/2"]
[WhiteElo "2389"]
[BlackElo "2278"]

1.c4 c6 2.d4 d5 3.Nf3 Nf6 4.e3 a6 5.Bd3 Bg4 6.b3 e6 7.O-O Nbd7 8.Bb2 Ne4
9.Nbd2 f5 10.Qc2 Bxf3 11.Nxf3 Bd6 12.Ne5 Qc7 13.Nxd7 Kxd7 14.h3 Raf8 15.c5 Be7
16.b4 g5 17.b5 Rhg8 18.bxc6+ bxc6 19.Rab1 g4 20.h4 Bxh4 21.Bc3 Rb8 22.Rb6 Nxc3
23.Qxc3 Rxb6 24.cxb6 Qxb6 25.Rb1 Qa7 26.g3 Be7 27.Kg2 h5 28.Qa5 Rb8 29.Rc1 Qb6
30.Qc3 a5 31.Qc2 Qc7 32.Bxf5 exf5 33.Qxf5+ Kd8 34.Qxh5 Qd7 35.Qe5 Bd6 36.Qg5+ Kc7
37.Qxd5 Bb4 38.Qe5+ Kb7 39.a3 Bxa3 40.Rb1+ Bb4 41.Qxa5 c5 42.Qxc5 Qc6+ 43.Qxc6+ Kxc6
44.Rh1 Rf8 45.Rb1  1/2-1/2

[Event "TCh-ESP"]
[Site "Mondariz ESP"]
[Date "2002.12.30"]
[Round "1"]
[White "Estremera Panos,S"]
[Black "Hernando Rodrigo,Jo"]
[Result "1-0"]
[WhiteElo "2359"]
[BlackElo "2371"]

1.c4 c6 2.e4 d5 3.exd5 cxd5 4.d4 Nf6 5.Nc3 Nc6 6.Bg5 Qb6 7.cxd5 Qxb2 8.Rc1 e5
9.dxc6 Bb4 10.Qd2 Qa3 11.Bxf6 gxf6 12.Bb5 O-O 13.Nge2 a6 14.Bc4 Rd8 15.O-O exd4
16.Nxd4 bxc6 17.Qe3 Bc5 18.Qg3+ Kh8 19.Nb3 Bb6 20.Qf4 Rg8 21.Qxf6+ Rg7 22.Ne4 Bh3
23.Ng5 Rf8 24.Nxh3 Bd8 25.Qd4 c5 26.Qc3 Qa4 27.Nf4 Qc6 28.g3 Qh6 29.Rcd1 Bg5
30.Nd5 Qh5 31.Ne3 Kg8 32.Rd5 Rg6 33.Nf5 Re8 34.Ne7+ Rxe7  1-0

[Event "XVIII Winter Open"]
[Site "Nice FRA"]
[Date "2002.12.30"]
[Round "7"]
[White "Cossin,S"]
[Black "Amigues,E"]
[Result "0-1"]
[WhiteElo "2230"]
[BlackElo "2252"]

1.c4 c6 2.Nf3 d5 3.e3 e6 4.b3 Be7 5.Bb2 Bf6 6.Bxf6 Nxf6 7.d4 Nbd7 8.Nc3 O-O
9.cxd5 exd5 10.Bd3 Re8 11.O-O Ne4 12.Bxe4 dxe4 13.Nd2 Nf6 14.b4 Qd6 15.Ne2 Qxb4
16.Ng3 Bg4 17.Rb1 Qe7 18.Qb3 b6 19.a4 h5 20.Rfc1 h4 21.Ngf1 Be6 22.Qc3 Bd5
23.a5 b5 24.h3 Rad8 25.Nh2 Rd6 26.Kf1 Nd7 27.Ke2 Rg6 28.Rg1 Qd6 29.Nhf1 Ree6
30.Rb2 Ref6 31.g4 Re6 32.Rh1 Re8 33.Kd1 a6 34.Nh2 Rf6 35.Ke2 Nf8 36.Rbb1 Ne6
37.g5 Nxg5 38.Ng4 Rf5 39.Rbg1 f6 40.Rc1 Rc8 41.Qc2 Qe7 42.Rcg1 Kh8 43.Ke1 Qb4
44.f4 Nf3+ 45.Ke2 Bc4+ 46.Nxc4 Qxc4+ 47.Qxc4 Nxg1+ 48.Rxg1 bxc4 49.Nf2 Re8
50.Ra1 Rb5 51.Nd1 Reb8 52.Kd2 Rb3 53.Kc2 R8b4 54.f5 Kh7 55.Ra2 Rd3 56.Ra1 g6
57.Nf2 Rxe3 58.Ng4 Rxh3 59.Nxf6+ Kg7 60.Nxe4 c3 61.f6+ Kf8 62.Re1 Rb2+ 63.Kc1 Ra2
64.Kb1 Rhh2 65.Nxc3 Rhb2+ 66.Kc1 Ra1+ 67.Kxb2 Rxe1  0-1

[Event "Rilton Cup"]
[Site "Stockholm SWE"]
[Date "2002.12.31"]
[Round "5"]
[White "Marin,M"]
[Black "Engqvist,T"]
[Result "1-0"]
[WhiteElo "2561"]
[BlackElo "2354"]

1.c4 c6 2.e4 d5 3.exd5 cxd5 4.d4 Nf6 5.Nc3 Nc6 6.Nf3 Bg4 7.cxd5 Nxd5 8.Qb3 Bxf3
9.gxf3 e6 10.Qxb7 Nxd4 11.Bb5+ Nxb5 12.Qc6+ Ke7 13.Qxb5 Qd7 14.Nxd5+ Qxd5
15.Bg5+ f6 16.Qxd5 exd5 17.Be3 Ke6 18.O-O-O Bb4 19.Rd3 Rhd8 20.Kb1 a5 21.a3 Be7
22.Re1 Kf7 23.Rc1 Rd7 24.Rc6 a4 25.Kc2 f5 26.Bd4 Bg5 27.Be5 Bh4 28.Rd2 Raa7
29.f4 Be7 30.Rd3 Ra8 31.Kd2 Kg8 32.Rdc3 Raa7 33.Rg3 Bh4 34.Rc8+ Rd8 35.Rxd8+ Bxd8
36.Rd3 Bb6 37.Ke2 Rd7 38.Rc3 d4 39.Rc8+ Kf7 40.Kd3 Ba7 41.Rc4 Kg6 42.Rxa4 Kh5
43.Rc4 Kg4 44.b4 Kh3 45.Rc7 Rxc7 46.Bxc7 Kxh2 47.a4 Kg1 48.a5  1-0

[Event "TCh-NOR Qualifier"]
[Site "NOR"]
[Date "2002.??.??"]
[Round "4"]
[White "Hansen,TR"]
[Black "Sidselrud,S"]
[Result "1/2-1/2"]
[WhiteElo "2282"]
[BlackElo "2150"]

1.c4 c6 2.e4 d5 3.exd5 cxd5 4.d4 Nc6 5.Nc3 Nf6 6.Bg5 dxc4 7.d5 Ne5 8.Qd4 Nd3+
9.Bxd3 cxd3 10.Nf3 e6 11.Bxf6 Qxf6 12.Ne5 d2+ 13.Kxd2 Bd6 14.Qa4+ Kf8 15.Nd3 Qg5+
16.Kc2 exd5 17.h4 Qg6 18.h5 Qg5 19.h6 Bf5 20.Rad1 Be5 21.g4 Bxd3+ 22.Rxd3 d4
23.Rh5 Qe7 24.Rxe5 Qxe5 25.Qb4+ Kg8 26.Rxd4 gxh6 27.Rd5 Qf6 28.Ne4 Rc8+ 29.Kb1 Qf4
30.Rd1 Kg7 31.Qd4+ f6 32.Qd7+ Kg6 33.Nd6 Rcf8 34.Nf5 Qe4+ 35.Ka1 Rhg8 36.Ne7+ Kg7
37.Nxg8+ Kxg8 38.a3 Re8 39.Qc7 Re7 40.Qb8+ Kg7 41.f4 a6 42.Qd8 b5 43.f5 b4
44.axb4 Qxb4 45.Rd4 Qc5 46.Ka2 Qc7 47.Qxc7 Rxc7 48.Rd6 a5 49.Rd5 Ra7 50.Ka3 h5
51.gxh5 Kh6 52.Ka4 Kxh5 53.Rxa5 Rxa5+ 54.Kxa5 Kg5 55.b4 h5 56.b5 h4 57.b6 h3
58.b7 h2 59.b8=Q h1=Q 60.Qg8+ Kxf5 61.Qc8+ Kg5 62.Qg8+ Kf4 63.Qb8+ Kf5 64.Qc8+ Ke5
65.Qb8+ Kd4 66.Qb6+ Ke5 67.Qb8+ Kd4  1/2-1/2

[Event "TCh-NOR Qualifier"]
[Site "NOR"]
[Date "2002.??.??"]
[Round "7"]
[White "Rorvik,J"]
[Black "Adnoy,H"]
[Result "1-0"]
[WhiteElo "2168"]
[BlackElo "2178"]

1.c4 c6 2.g3 d5 3.Bg2 Nf6 4.Qc2 Bg4 5.Nf3 Nbd7 6.d3 e6 7.Nbd2 Bd6 8.b3 O-O
9.Bb2 Re8 10.O-O Qb8 11.e4 dxe4 12.dxe4 Bxf3 13.Nxf3 Ne5 14.Nd4 a6 15.c5 Bf8
16.Rae1 a5 17.a3 Qa7 18.Rc1 Nfd7 19.b4 axb4 20.axb4 b6 21.b5 Nxc5 22.bxc6 Qa4
23.Qc3 Ncd3 24.Ra1 Qb4 25.Rxa8 Rxa8 26.Ra1 Rc8 27.Qxb4 Bxb4 28.Nc2 Bc5 29.Bxe5 Nxe5
30.Kf1 g6 31.f4 Nxc6 32.Ke2 b5 33.e5 Ne7 34.Rb1 b4 35.Kd3 Nd5 36.Bxd5 exd5
37.Nxb4 Rb8 38.Kc3 d4+ 39.Kc4 Ba7 40.Rd1 Rc8+ 41.Kd5 Rd8+ 42.Ke4 Rc8 43.Ra1 Rc7
44.Nd5 Rb7 45.g4 Bc5 46.Ra8+ Kg7 47.Rc8 Ba7 48.Nf6 Rb8 49.Rxb8 Bxb8 50.Kxd4 Ba7+
51.Kd5 Bg1 52.h3 Bh2 53.f5 Bg3 54.Nd7 gxf5 55.gxf5 Bh4 56.e6 fxe6+ 57.Kxe6 Be1
58.f6+ Kh6 59.Ne5 Bb4 60.Kf5 Ba3 61.Nf7+ Kh5 62.Ng5 Kh6 63.Nf3 Bb4 64.f7 Ba3
65.Kf6 Bb2+ 66.Ke7 Ba3+ 67.Ke8 Kg7 68.Nd4 Bb4 69.Nc6 Bf8 70.Ne7  1-0

[Event "ch-NZL"]
[Site "Wanganui NZL"]
[Date "2003.01.06"]
[Round "6"]
[White "Stuart,P"]
[Black "Spain,G"]
[Result "1/2-1/2"]
[WhiteElo "2215"]
[BlackElo "2188"]

1.c4 c6 2.Nf3 d5 3.b3 Nf6 4.g3 Bf5 5.Bg2 e6 6.O-O Nbd7 7.Bb2 Bd6 8.d3 O-O
9.Nbd2 Qe7 10.Re1 e5 11.e4 dxe4 12.dxe4 Bg4 13.h3 Bxf3 14.Nxf3 Rfd8 15.Qc2 Ne8
16.h4 f6 17.Red1 Nc7 18.Rd3 Nc5 19.Rd2 N5e6 20.Rad1 c5 21.Nh2 Nd4 22.Qd3 a5
23.a4 Ra6 24.Rb1 Rb6 25.Ba3 Na6 26.Nf1 Bc7 27.Qc3 Rbd6 28.Ne3 b6 29.Kf1 Bb8
30.Bh3 Nc7 31.Rbd1 g6 32.Kg2  1/2-1/2

[Event "Bundesliga 2002-3"]
[Site "Godesberg GER"]
[Date "2003.01.12"]
[Round "9"]
[White "Poldauf,D"]
[Black "Schmidt,Bo"]
[Result "1/2-1/2"]
[WhiteElo "2414"]
[BlackElo "2360"]

1.c4 c6 2.Nf3 Nf6 3.g3 d5 4.Qc2 g6 5.Bg2 Bg7 6.O-O O-O 7.b3 a5 8.Bb2 Na6
9.a3 Bf5 10.d3 Qc8 11.Re1 Bh3 12.Bh1 Qf5 13.e4 dxe4 14.dxe4 Qh5 15.Nbd2 Rfd8
16.e5 Bf5 17.Qc1 Ng4 18.e6 Bxe6 19.Bxg7 Kxg7 20.Qc3+ Kg8 21.Bg2 Qc5 22.Ne4 Qa7
23.h3 Nh6 24.g4 Nc5 25.Nxc5 Qxc5 26.Re5 Qd6 27.Rae1 Qd3 28.Qc1 Kg7 29.Ng5 Qd2
30.Qa1 Kg8 31.Nxe6 fxe6 32.Rxe6 Rd4 33.Rxe7 Rf8 34.R7e2 Qf4 35.Qc3 a4 36.c5 axb3
37.Qxb3+ Rf7 38.Qe6 Kg7 39.Rb2 Ng8 40.Qe5+ Qxe5 41.Rxe5 h6 42.Re3 Nf6 43.Reb3 Rdd7
44.a4 Nd5 45.Bxd5 Rxd5 46.Rxb7 Rxc5 47.Rxf7+ Kxf7 48.Ra2 Ra5 49.f4 Ke6 50.Kf2 Kd5
51.Ke3 c5 52.Kd3 h5 53.gxh5 gxh5 54.Ra1 h4 55.Ra2 c4+ 56.Kc3 Kc5 57.Ra1 Ra8
58.a5 Rg8 59.a6 Rg3+ 60.Kd2 Kd4 61.Ra4 Rg2+ 62.Ke1 Rg1+ 63.Kf2 Rg8 64.a7 Ra8
65.f5 Kd3 66.Ra6 c3 67.f6 c2 68.Rd6+ Ke4 69.Rc6 Rxa7 70.Rxc2  1/2-1/2

[Event "XXVIII"]
[Site "Seville ESP"]
[Date "2003.01.12"]
[Round "3"]
[White "Matamoros Franco,C"]
[Black "Martin Vazquez,J"]
[Result "1-0"]
[WhiteElo "2460"]
[BlackElo "2218"]

1.c4 c6 2.e4 d5 3.exd5 cxd5 4.cxd5 Qxd5 5.Nc3 Qd8 6.d4 e6 7.Nf3 Nf6 8.Bc4 Be7
9.O-O O-O 10.Re1 Nbd7 11.Bb3 Nb6 12.Ne5 Nbd5 13.Qf3 Qd6 14.Bg5 Nxc3 15.bxc3 Nd5
16.Bd2 a5 17.Rab1 Ra7 18.c4 Nb4 19.Bf4 Qd8 20.a3 f6 21.Qg4 fxe5 22.Bxe5 Rf7
23.axb4 Bxb4 24.Re3 b6 25.Bc2 Bd6 26.Rh3 Bxe5 27.Bxh7+ Kf8 28.dxe5 Qd2 29.Qg3 Rad7
30.Rf1 Qf4 31.Bg6 Ba6 32.Rh8+ Ke7 33.Qa3+  1-0

[Event "XXVIII"]
[Site "Seville ESP"]
[Date "2003.01.13"]
[Round "4"]
[White "Mellado Trivino,J"]
[Black "Ruan Lufei"]
[Result "1/2-1/2"]
[WhiteElo "2462"]
[BlackElo "2246"]

1.c4 c6 2.e4 d5 3.exd5 cxd5 4.d4 Nf6 5.Nc3 Nc6 6.Bg5 dxc4 7.d5 Ne5 8.Qd4 Nd3+
9.Bxd3 cxd3 10.Nf3 h6 11.Bxf6 gxf6 12.O-O Bg7 13.Qxd3 O-O 14.Rad1 a6 15.Rfe1 Re8
16.d6 exd6 17.Rxe8+ Qxe8 18.Nd5 Qd8 19.Nd4 Bg4 20.f3 Be6 21.Nf5 Bxf5 22.Qxf5 Kh8
23.Rc1 Qe8 24.g4 Qe6 25.Qxe6 fxe6 26.Nf4 f5 27.Nxe6 fxg4 28.Nxg7 Kxg7 29.fxg4 Kf6
30.Rc7 Rg8 31.h3 h5 32.Rxb7 hxg4 33.hxg4 Rxg4+ 34.Kf2 Rc4 35.Rb6 Ke6 36.Ke3 Ra4
37.a3 Kd7 38.Kd2 Kc7 39.Rb3 Rh4 40.Rf3 Rg4 41.Kc3 Kb6 42.Rf5 Rh4 43.Rg5 Rf4
44.Rh5 Rg4 45.Rf5  1/2-1/2

[Event "LXIX ch-BRA"]
[Site "Brasilia BRA"]
[Date "2003.01.14"]
[Round "8"]
[White "Lima,Da"]
[Black "Matsuura,E"]
[Result "1/2-1/2"]
[WhiteElo "2521"]
[BlackElo "2438"]

1.c4 c6 2.Nf3 d5 3.d4 Nf6 4.Nbd2 Bf5 5.e3 e6 6.Be2 h6 7.O-O Nbd7 8.b3 Bd6
9.Bb2 Ne4 10.Nxe4 Bxe4 11.Bd3 Nf6 12.Ne5 O-O 13.Rc1 Qe7 14.Qe2 Bxd3 15.Nxd3 Nd7
16.Rfd1 Ba3 17.Bxa3  1/2-1/2

[Event "ch-Donetsk Region"]
[Site "Donetsk UKR"]
[Date "2003.01.16"]
[Round "9"]
[White "Matjushin,G"]
[Black "Dmitrenko,V"]
[Result "1/2-1/2"]
[WhiteElo "2424"]
[BlackElo "2424"]

1.c4 c6 2.e4 d5 3.cxd5 cxd5 4.exd5 Nf6 5.Nc3 Nxd5 6.Nf3 Nc6 7.Bb5 Nxc3 8.bxc3 e6
9.O-O Bd6 10.d4 O-O 11.Bd3 Be7 12.Re1 Bd7 13.h4 Bf6 14.Qe2 Ne7 15.Bg5 Ng6
16.Qe3 Bc6 17.h5 Nh4 18.Bxh4 Bxh4 19.Be4  1/2-1/2

[Event "Brasil BCX"]
[Site "Brasilia BRA"]
[Date "2003.01.17"]
[Round "4"]
[White "Lucena,L"]
[Black "Molina,R"]
[Result "0-1"]
[WhiteElo "2200"]
[BlackElo "2100"]

1.c4 c6 2.Nf3 d5 3.b3 Nf6 4.Bb2 e6 5.g3 Bd6 6.Bg2 Nbd7 7.d4 Qe7 8.cxd5 exd5
9.O-O O-O 10.Nbd2 Re8 11.Re1 Ne4 12.e3 Nxd2 13.Nxd2 Nf6 14.e4 dxe4 15.Nxe4 Nxe4
16.Bxe4 Qf8 17.Qc2 f5 18.Bd3 Bd7 19.h4 b5 20.Rac1 Bb4 21.Re5 Ba3 22.Bxa3 Qxa3
23.Rce1 g6 24.Qd2 Qd6 25.Qf4 Rxe5 26.Rxe5 Qf6 27.Qe3 Kf7 28.f4 Qd6 29.d5 c5
30.Qe2 Rb8 31.h5 a6 32.Qh2 Rg8 33.Be2 Re8 34.hxg6+ hxg6 35.Qh7+ Kf8 36.Bf3 c4
37.bxc4 bxc4 38.Kg2 Rc8 39.Re1 Rb8 40.Kh3 Rc8 41.Kg2 Rb8 42.Re2 Rb7 43.Kh3 Rc7
44.Qh8+ Kf7 45.Qh7+ Kf8 46.Qh8+ Kf7 47.Re3 Rc8 48.Qh7+ Kf8 49.a3 Rc7 50.Kg2 Rb7
51.Re2 Rb3 52.Qh6+ Kf7 53.Qh7+ Kf8 54.Qh8+ Kf7 55.Qd8 Rb8 56.Qh4 Rg8 57.Qh7+ Rg7
58.Qh4 c3 59.Qd8 Rg8 60.Qh4 Qxa3 61.d6 Qxd6 62.Qh7+ Rg7 63.Qh8 Bc6 64.Bxc6 Qxc6+
65.Kf1 c2  0-1

[Event "XXVIII"]
[Site "Seville ESP"]
[Date "2003.01.17"]
[Round "8"]
[White "Li Wenliang"]
[Black "Ruan Lufei"]
[Result "1-0"]
[WhiteElo "2497"]
[BlackElo "2246"]

1.c4 c6 2.e4 d5 3.exd5 cxd5 4.cxd5 Nf6 5.Nc3 Nxd5 6.Nf3 Nxc3 7.bxc3 g6 8.d4 Bg7
9.Bd3 Nc6 10.O-O O-O 11.Re1 Qd6 12.a4 Rd8 13.Ng5 h6 14.Ne4 Qc7 15.Qf3 Bf5
16.Bf4 e5 17.Bg3 Qa5 18.Rab1 exd4 19.Rb5 Bxe4 20.Rxe4 Qxc3 21.Rxb7 Qa1+ 22.Bf1 Qa2
23.Re2 Qd5 24.Re8+  1-0

[Event "TSGM Jan"]
[Site "Novi Sad YUG"]
[Date "2003.01.18"]
[Round "1"]
[White "Marzolo,C"]
[Black "Laketic,G"]
[Result "1/2-1/2"]
[WhiteElo "2480"]
[BlackElo "2426"]

1.c4 c6 2.Nf3 d5 3.d4 Nf6 4.Nc3 e6 5.Bg5 Nbd7 6.e3 Qa5 7.cxd5 Nxd5 8.Qd2 Bb4
9.Rc1 b6 10.a3 Bxc3 11.bxc3 c5 12.c4 Qxd2+ 13.Nxd2 N5f6 14.Bd3 Bb7 15.f3 h6
16.Bh4 O-O 17.Nb3 cxd4 18.exd4 e5 19.d5 e4 20.fxe4 Nxe4 21.O-O Nec5 22.Nxc5 Nxc5
23.Bf5 Rfe8 24.Rfe1 g6 25.Bc2 Ba6 26.d6 Bxc4 27.Be7 Be6  1/2-1/2

[Event "ch-IND"]
[Site "Mumbai IND"]
[Date "2003.01.20"]
[Round "5"]
[White "Harikrishna,P"]
[Black "Sundararajan,K"]
[Result "1/2-1/2"]
[WhiteElo "2539"]
[BlackElo "2416"]

1.c4 c6 2.e4 d5 3.exd5 cxd5 4.d4 Nf6 5.Nc3 e6 6.Nf3 Bb4 7.Bd3 dxc4 8.Bxc4 O-O
9.O-O Nbd7 10.Bg5 h6 11.Bh4 Qa5 12.Re1 Bxc3 13.bxc3 Qxc3 14.Rc1 Qa5 15.Ne5 b5
16.Qf3 bxc4 17.Bxf6 Qd5 18.Be7 Qxf3 19.Nxf3 Re8 20.Ba3 Ba6 21.Ne5 Nb6 22.Bc5 Rec8
23.Re3 Bb5 24.Rb1 Bc6  1/2-1/2

[Event "28th Rapid Open"]
[Site "Aubervilliers FRA"]
[Date "2003.01.26"]
[Round "10"]
[White "Pelletier,Y"]
[Black "Prie,E"]
[Result "1-0"]
[WhiteElo "2624"]
[BlackElo "2446"]

1.c4 c6 2.e4 d5 3.exd5 cxd5 4.cxd5 Nf6 5.Nc3 Nxd5 6.Nf3 e6 7.Bc4 Be7 8.d4 O-O
9.O-O Nc6 10.Re1 Nxc3 11.bxc3 b6 12.Bd3 Bb7 13.h4 Nb8 14.h5 Nd7 15.Bc2 Nf6
16.Qd3 Bxf3 17.Qxf3 Qd5 18.Qd3 Rac8 19.h6 g6 20.Bb3 Qf5 21.Qxf5 gxf5 22.c4 Ne4
23.Bf4 Bf6 24.Rad1 Rfd8 25.d5 Kf8 26.f3 Nc5 27.Bc2 Rd7 28.g4 fxg4 29.fxg4 Rcd8
30.Bxh7 exd5 31.Bf5 Ne6 32.Bxe6 fxe6 33.Rxe6 Kf7 34.Rc6 dxc4 35.Rxd7+ Rxd7
36.g5 Bd4+ 37.Kg2 b5 38.g6+  1-0

[Event "3rd GM"]
[Site "Griesheim GER"]
[Date "2003.01.31"]
[Round "3"]
[White "Agrest,E"]
[Black "Grabarczyk,M"]
[Result "1-0"]
[WhiteElo "2574"]
[BlackElo "2506"]

1.c4 c6 2.e4 e5 3.Nc3 Nf6 4.Nf3 d6 5.d4 Nbd7 6.Be2 Be7 7.O-O O-O 8.h3 a6
9.a3 b5 10.Be3 Bb7 11.Qc2 Re8 12.Rfd1 Qb8 13.Rab1 Bf8 14.dxe5 Nxe5 15.Nxe5 dxe5
16.b4 Rd8 17.Bb6 Rd7 18.Ba5 Qe8 19.Rxd7 Qxd7 20.c5 Bc8 21.Rd1 Qb7 22.Qd3 Bd7
23.Rd2 Re8 24.Qb1 h5 25.Bd1 Qc8 26.Bb3 Be6 27.Qa2 Bxb3 28.Qxb3 Re7 29.Rd8 Qb7
30.Nd5 cxd5 31.exd5 Qa7 32.c6 Qd4 33.c7 Rxc7 34.Bxc7 Ne4 35.Qc2 f6 36.d6 Kf7
37.d7 Be7 38.Rh8 Nd2 39.Qa2+  1-0

[Event "II Marcelo Salado Cup Gp B"]
[Site "Santa Clara CUB"]
[Date "2003.02.03"]
[Round "1"]
[White "Placencia Perdigon,L"]
[Black "Leon,V"]
[Result "0-1"]
[WhiteElo "2150"]
[BlackElo "2250"]

1.c4 c6 2.e4 e5 3.d4 d6 4.Nf3 Nd7 5.Nc3 Ngf6 6.Be2 g6 7.dxe5 dxe5 8.O-O Bg7
9.Qd6 Bf8 10.Qd1 Qc7 11.b3 Nc5 12.Qc2 Bg4 13.h3 Bxf3 14.Bxf3 Ne6 15.Ne2 Bc5
16.g3 O-O 17.Bg2 Nd4 18.Nxd4 Bxd4 19.Rb1 Rfe8 20.Kh2 Kg7 21.Bg5 Nd7 22.Qd2 Bc5
23.b4 Be7 24.Bxe7 Rxe7 25.h4 h5 26.Rfd1 Nf6 27.Qd6 a5 28.b5 Rd7 29.Qxc7 Rxc7
30.bxc6 Rxc6 31.Bf1 Nxe4 32.Rxb7 Nxf2 33.Rdd7 Rf8 34.Kg1 Ng4 35.Rbc7 Rxc7
36.Rxc7 Rd8 37.Be2 Rd2 38.Bxg4 hxg4 39.Rc5 Rxa2 40.Rxe5 Kf6 41.Rg5 a4 42.Ra5 a3
43.Kf1 Ke6 44.Ke1 Kd6 45.Kd1 Ra1+ 46.Kc2 a2 47.Kb2 Rg1 48.Kxa2 Rxg3 49.Rg5 Rg1
50.Kb2 g3 51.Kc3 g2 52.Kb2 Kc6 53.Ka2 f5 54.Rxg6+ Kc5 55.h5 f4 56.h6 f3  0-1

[Event "Gibraltar Masters"]
[Site "Catalan Bay ENG"]
[Date "2003.02.04"]
[Round "8"]
[White "Barsov,A"]
[Black "Jonkman,H"]
[Result "1/2-1/2"]
[WhiteElo "2525"]
[BlackElo "2436"]

1.c4 c6 2.e4 d5 3.exd5 cxd5 4.cxd5 Nf6 5.Nc3 g6 6.Bc4 Bg7 7.Nf3 O-O 8.O-O Nbd7
9.d3 Ne8 10.Re1 Nd6 11.Bg5 Re8 12.Qd2 Nb6 13.Bb3 Bg4 14.Qf4 Bxf3 15.Qxf3 a5
16.a4 Nd7 17.Qh3 Rc8 18.Bd1 Rxc3 19.bxc3 Bxc3 20.Bg4 f5 21.Bf3 Nf7 22.Qh4 Nxg5
23.Qxg5 Nf6 24.Qc1 Bxe1 25.Qxe1 b6 26.Qe6+ Kf8 27.Rb1 Qd7 28.Qxb6 Qxa4 29.d6 Qa2
30.g3 Qa4 31.dxe7+ Kf7 32.Rb3 Qa1+ 33.Rb1 Qa3 34.Rb3 Qa1+ 35.Kg2 Rxe7 36.Qc5 Qe5
37.Qc4+ Qe6 38.Qb5 Ra7 39.Ra3 Qa6 40.Qc5 a4 41.h4 Qa5 42.Qc4+ Kg7 43.Bc6 Qb6
44.Rxa4 Rxa4 45.Bxa4 Ng4 46.d4 Qb2 47.Qc7+ Kf6 48.Qd6+ Kf7 49.Qf4 Qb7+ 50.Qf3 Qb4
51.Qd5+ Kf6 52.Bd1 Ne3+ 53.fxe3 Qd2+ 54.Kh3 Qxd1 55.Qc6+ Kf7 56.Qg2 h5 57.Kh2 Qe1
58.Qf3 Kg7 59.Kg2 Kh7 60.Qf2 Qd1 61.Qa2 Qe1 62.Kf3 Qf1+ 63.Qf2 Qb1 64.Kg2 Qd1
65.Qf3 Qe1 66.d5 Qd2+ 67.Kh3 Qd3 68.Kg2 Qd2+ 69.Kg1 Qc1+  1/2-1/2

[Event "Gibraltar Masters"]
[Site "Catalan Bay ENG"]
[Date "2003.02.04"]
[Round "8"]
[White "Straub,P"]
[Black "Schmitz,A"]
[Result "1-0"]
[WhiteElo "2112"]
[BlackElo "2131"]

1.c4 c6 2.Nc3 d5 3.cxd5 cxd5 4.d4 Nf6 5.Bf4 e6 6.e3 Bd6 7.Bg3 Ne4 8.Bxd6 Qxd6
9.f3 Nxc3 10.bxc3 O-O 11.Bd3 e5 12.Ne2 f5 13.O-O Nc6 14.Qb3 Qh6 15.Kh1 Be6
16.Qxb7 Rac8 17.f4 e4 18.Bb5 Rf7 19.Qa6 Nb8 20.Qd6 Rf6 21.Rab1 Qh4 22.Ba4 Rh6
23.h3 Nc6 24.Bxc6 Bf7 25.Qd7 Rhxc6 26.Qxf5 Qd8 27.Rb7 Rf6 28.Qd7 Qxd7 29.Rxd7 Ra6
30.Rb1 Be6 31.Re7 Rxa2 32.Ng3 Bf7 33.Rbb7 Rf8 34.Nf5 Ra6 35.Rbd7 Re6 36.Rxa7 Rxe7
37.Nxe7+ Kh8 38.Rd7 Be8 39.Rd8 g6 40.Nxd5 Kg8 41.Rxe8  1-0